000 00338nam a22001337a 4500
005 20160415083309.0
008 080731s2009 nyua 001 0 eng
020 _a9780071593045 (pbk.)
020 _a0071593047 (pbk.)
041 0 _aeng
080 _a004
245 1 0 _aOracle CRM on demand reporting /
_cMichael D. Lairson.
942 _2udc
_cBK
999 _c679
_d679